Právna výchova na vysokých školách pre učiteľské fakulty vysokých škôl

Podrobná bibliografia
Hlavný autor: Roháč, Ján (Autor)
Médium: Kniha
Jazyk:slovenčina
Fyzický popis:132 s. 29 cm
Vydavateľské údaje: Bratislava Slovenské pedagogické nakladateľstvo 1988
Vydanie:1. vyd.
Edícia:Vysokoškolské skriptá
Predmet:

MARC

LEADER 00000cam a2200000 a 4500
001 vtls001121420
003 SK-MaSNL
005 20260301055941.0
008 240513s1988 xo f np 00000 slo
015 |a SNBA1988/07 
035 |a SNK000064263 
040 |a SNK  |b slo  |c SNK  |e AACR2 
041 0 |a slo 
044 |a xo  |c SK 
080 |a 34(075.8)  |2 1981 
100 1 |a Roháč, Ján  |4 aut  |9 292962 
245 1 0 |a Právna výchova na vysokých školách pre učiteľské fakulty vysokých škôl  |c Ján Roháč 
250 |a 1. vyd. 
260 |a Bratislava  |b Slovenské pedagogické nakladateľstvo  |c 1988  |e Bratislava  |f Západoslovenské tlačiarne 
300 |a 132 s.  |c 29 cm 
366 |e 2200 výtl. 
490 1 |a Vysokoškolské skriptá 
504 |a Obsahuje bibliografiu 
650 0 7 |a právna výchova  |2 SNKPH  |9 370383 
655 7 |a učebnice vysokých škôl  |2 SNKPH  |9 70191 
655 7 |a Textbooks (higher)  |2 SNKPHeng  |9 276436 
830 0 |a Vysokoškolské skriptá  |9 276440 
954 |a odborná, vedecká literatúra pôvodná (slovenská)  |2 lita 
958 |a OND 
958 |a NB 
958 |a TL 
958 |a UV 
999 |c 614551  |d 616481 
952 |a SNK  |b SNK  |y PREZ  |7 0  |p 17A0833514  |o snkSB 43425   |0 0  |1 0  |4 0  |d 2012-07-11  |f 1  |l 0  |r 2025-05-09 00:00:00  |w 2026-02-23 
952 |t P60, <04>, [BOOK], {604}  |a SNK  |b SNK  |y VYP  |7 0  |p 17A0202877  |o snkSB 43425 D1  |0 0  |1 0  |4 0  |d 1999-07-15  |l 0  |r 2004-12-31 00:00:00  |w 2026-02-23